Calculs mental expert #3 - Statistiques

Statistiques générales
  • Ce quiz a été pris 42 fois
  • Le résultat moyen est 8 sur 11
Statistiques - réponses
Hint Réponse % Correct
3x8x5x6 720
91%
86x6 516
85%
23x21 483
79%
45x22 990
79%
98x102 9996
73%
9x147 1323
67%
12x27 324
67%
65x12 780
67%
78x7 546
58%
34x15 510
58%
27x56 1512
39%
Aucun quiz correspondant
Distribution des résultats
% des personnes avec chaque résultat
Percentile par nombre de réponses
Votre historique - résultats
Vous n’avez pas pris ce quiz